000 00785nam a2200289Ia 4500
005 20260324141420.0
008 008 260324s9999 xx 000 0 eng d
020 _a9781003572206
037 _aEBOOK
040 _aCRL
040 _beng
040 _cCRL
041 _2eng
041 _aeng
084 _qCRL
100 _a0 Routledge,
_91208101
245 0 _aRoutledge French Dictionary of Environmental Technology Dictionnaire anglais du genie de l'environnement
245 0 _bFrench-English/English-French francais-anglais/anglais-francais
260 _bTaylor and Francis
260 _c1997
365 _a
365 _b325
856 _uhttp://www.taylorfrancis.com/books/9781003572206
942 _cEBOOK
999 _c1811175
_d1811175